| 000 | 00827nam a2200241Ia 4500 | ||
|---|---|---|---|
| 003 | OSt | ||
| 005 | 20220923225233.0 | ||
| 006 | a|||||r|||| 00| 0 | ||
| 007 | ta | ||
| 008 | 220922b |||||||| |||| 00| 0 hin d | ||
| 024 | _a260,935 | ||
| 037 | _cTextual | ||
| 040 |
_aARTS _cARTS _bhin |
||
| 041 |
_2hin _ahin |
||
| 082 | _aO1518vJ, 152K3 | ||
| 100 | _aतोमर, रामसिंह | ||
| 245 | 0 | _aप्राकृत और अपभ्रंश साहित्य | |
| 246 | _aPrākṛut aur apabhransha sāhitya | ||
| 260 |
_aप्रयाग _b हिन्दी परिषद प्रकाशन _c1973 |
||
| 650 |
_aहिन्दी साहित्य _9156264 |
||
| 942 |
_hO1518vJ, 152K3 _cTEXL _2CC |
||
| 999 |
_c376912 _d376912 |
||